4.1 ang - Statystyki

Ogólne statystyki
  • Ten quiz został rozwiązany 17 razy
  • Średni wynik to 11 z 47
Statystyki odpowiedzi
POLSKI ANGIELSKI % Poprawnych
średni average
62%
zakupy online online shopping
62%
dostawa delivery
54%
generować generate
54%
podwoić double
46%
okazyjna cena bargain price
38%
lokalne marki local brands
38%
mieć ograniczony budżet be on a limited budget
31%
emisja CO2 carbon emission
31%
sieciówka (sklep) chain store
31%
najnowszy, ostatni latest
31%
odziez sportowa sportswear
31%
kuszacy tempting
31%
ostrożny cautios
23%
sprawdzić check up on
23%
wartości etyczne ethical values
23%
odzież garment
23%
polować na okazje go bargain-hunting
23%
mieć złą opinię have a bad reputation
23%
główna ulica handlowa w mieście high street
23%
truciciel polluter
23%
odłożyć cos na bok put sth aside
23%
odpowiedzialna postawa responsible attitude
23%
odpowiedzialnie responsibly
23%
odesłać coś send sth back
23%
wspierac lokalnych producentow support local producers
23%
sprawic sobie przyjemnosc; zafundowac sobie cos treat yourself to
23%
przemysł odzieżowy clothing industry
15%
ograniczyć cut down on
15%
rozkładać się decompose
15%
polityka zatrudniania employment policy
15%
podać PIN enter your PIN
15%
impulsywny zakup impulse purchase
15%
szukać look out for
15%
zaplacic za cos pay out
15%
odbiór (np. przesylki) pick-up
15%
chodzic po sklepach i porownywac shop around
15%
robic lokalnie zakupy shop locally
15%
pojawiac sie spring up
15%
spoleczenstwo ktore wyrzuca przedmioty po jednorazowym uzyciu throw-away society
15%
nie mieć ochoty żeby coś zrobić can't be bothered to do sth
8%
wpływ na środowisko environmental impact
8%
średnia długość życia life expectancy
8%
masowo produkujący produkt mass-producted product
8%
decydować się na opt for
8%
tkanina syntetyczna synthetic fabric
8%
odpady włókiennicze textile waste
8%
Nie znaleziono quizów pasujących do podanych kryteriów
Rozkład punktacji
Procent ludzi z każdym wynikiem
Percentyl według liczby udzielonych odpowiedzi
Twoja historia wyników
Nie rozwiązałeś tego quizu